| Tag |
First Indicator |
Second Indicator |
Subfields |
| LEADER |
00000cam a2200000 4500 |
| 001 |
in00000053464 |
| 005 |
20151007070254.0 |
| 008 |
750325s1944 nyuad 00010 eng u |
| 010 |
|
|
|a 44003166
|
| 035 |
|
|
|a (OCoLC)01235713
|
| 035 |
|
|
|9 AAE3690AM
|
| 040 |
|
|
|c YNG
|d TXA
|d UtOrBLW
|
| 049 |
|
|
|a TXAM
|c [130875]
|
| 050 |
|
0 |
|a QB44
|b .S566
|
| 092 |
|
|
|a 523
|b S568i
|
| 100 |
1 |
|
|a Sidgwick, J. B.
|q (John Benson),
|d 1916-
|
| 245 |
1 |
0 |
|a Introductory astronomy ;
|b a guide for night watchers /
|c by J. B. Sidgwick ... With a foreword by Clyde Fisher ...
|
| 264 |
|
1 |
|a New York :
|b Philosophical library,
|c [1944]
|
| 300 |
|
|
|a 3 pages ., v-viii, 9-137 pages :
|b illustrations (charts) ;
|c 24 cm.
|
| 336 |
|
|
|a text
|b txt
|2 rdacontent
|
| 337 |
|
|
|a unmediated
|b n
|2 rdamedia
|
| 338 |
|
|
|a volume
|b nc
|2 rdacarrier
|
| 650 |
|
0 |
|a Astronomy.
|
| 650 |
|
0 |
|a Constellations.
|
| 999 |
|
|
|a MARS
|
| 999 |
f |
f |
|s 1d192db1-2966-3835-bd3e-83bdedc8085d
|i aaa118c7-e50c-313a-85f1-205afe3995e3
|t 0
|
| 952 |
f |
f |
|p ric
|a Texas A&M University
|b Rellis Campus
|c Joint Library Facility
|d Remote Storage
|t 0
|e QB44 .S566
|h Library of Congress classification
|i unmediated -- volume
|m A14800900362
|
| 998 |
f |
f |
|a QB44 .S566
|t 0
|l Remote Storage
|